| 000 | 01240cam a22003377a 4500 | ||
|---|---|---|---|
| 001 | 13106766 | ||
| 003 | OSt | ||
| 005 | 20221031120338.0 | ||
| 008 | 030227s2008 enkaa f b 001 0 eng d | ||
| 020 | _a0300095791 | ||
| 020 | _a9781856695558 | ||
| 035 | _a(DLC)13106766 | ||
| 040 |
_aNHP _beng _erda _cNHP _dCtY _dDLC _dEG-ScBUE |
||
| 082 | 0 | 4 |
_a721.044 _222 _bWES |
| 100 | 1 |
_aWeston, Richard, _d1953- _eauthor. _95771 |
|
| 245 | 1 | 0 |
_aMaterials, form, and architecture / _cRichard Weston. |
| 264 | 1 |
_aLondon : _bLaurence King Publishing, _c2008. |
|
| 300 |
_a1 volume (various pagings) : _billustrations (chiefly color) ; _c26 cm |
||
| 336 |
_2rdacontent _atext _btxt |
||
| 337 |
_2rdamedia _aunmediated _bn |
||
| 338 |
_2rdacarrier _avolume _bnc |
||
| 504 | _aIncludes bibliographical references and index. | ||
| 650 | 7 |
_aBuilding materials. _2BUEsh _95772 |
|
| 650 | 7 |
_aArchitecture. _2BUEsh _95773 |
|
| 650 | 7 |
_aForm (Aesthetics) _2BUEsh _95774 |
|
| 653 | _bENGARC | ||
| 655 | _vReading book | ||
| 942 |
_2ddc _cBB |
||
| 999 |
_c11731 _d11731 |
||